000 00300nam a2200121Ia 4500
008 190216s9999||||xx |||||||||||||| ||und||
100 _aVenugopal K & Abdul Assis K
245 0 _aHuman Resource Management
260 _bPrentice Hall
_c2003
300 _a465p
650 _aManagement
942 _cBK
999 _c6775
_d6775